000 01731nam a2200289 i 4500
001 42510
003 ES-MaACL
005 20230906160627.0
007 t|
008 030402s1906 sp b |||| | spa d
080 _a625.1(64)
080 _a625.1(6-15)
100 1 _aFernández de Henestrosa y Mioño, Ignacio
_cMarqués de Camarasa.
_949663
245 1 0 _aNuevo camino de América
_b: de España por Marruecos a Canarias, Río de Oro, Fernando Poo, Guinea Española y a América del Sur : Sumario: 1º. Un artículo de la revista "Ateneo". 2º. Un artículo para el periódico de Buenos Aires el "Diario Español". 3º. Una carta al Embajador de España en París /
_c[El Conde de Moriana, Marqués de Camarasa].
260 _aMadrid :
_b[s.n.],
_c1906 (
_fEst. Tip. de Fortanet)
300 _a16, 12, 17 p. :
_bil., mapa ;
_c27 cm.
490 1 _aEspaña paso de mundo
505 8 _aContiene con port. y pag. propia: ;
_tNuevo camino de América: de Madrid por Marruecos a América del Sur: enlace ferroviario de España con Río de Oro y Canarias: España centro del mundo,(
_g[publ. originalmente en: Ateneo, n. 2 (feb. 1906)]) ;
_tFerrocarril ibero-afro-americano: artículo escrito a petición del... señor... Andrés Mellado para el periódico de Buenos Aires "El Diario Español" ;
_tDe Madrid por Marruecos a América del Sur: carta al... Marqués del Muni
650 1 4 _aFerrocarriles-
_zMarruecos.
_9151520
650 _aFerrocarriles-
_zÁfrica.
_9176219
740 0 _aNuevo camino de América.
740 0 _aFerrocarril ibero-afro-americano.
740 0 _aDe Madrid por Marruecos a América del Sur.
830 0 _aEspaña paso de mundo
_9229823
852 _aES-MaACL
_jT-1071-F-5
999 _c42510
_d42510